00943 a2200145 4500003000500000005001700005040000900022082001600031100001700047245004300064260003100107300000900138505061600147650003400763Nust20221122141723.0 cNust a621.381,SEE aSamuel Seely aElectronic Engineering /cSeely,Samuel aMc Graw-HillbLondonc1956 a525p aCharacteristics of Electron Tubes (Page-1), Vacuum Triodes as Circuits Elements (Page-49), Basic Amplifiers Principles (Page-66), Unturned Potential Amplifier (Page-85), Feedback in Amplifiers (Page-85), Electronic Computing Circuits (Page-161), Special Electronic Circuits (Page-196), Oscillators (Page-227), Heavily Biased Relaxation Circuits (Page-272), Saw Tooth Sweep Generators (Page-318), Special Sweep Generators (Page-341), Rectifiers (Page-360), Rectifier Filters and Regulators (Page-382), Electronic Instruments (Page-413), Solid State Theory (Page-432), Transistors as Circuits Elements (Page-351). aTelecommunication Engineering